Partidos políticos e compliance / (Record no. 167)

MARC details
000 -LÍDER
Campo Fixo de Controle 01067cam a2200289 a 4500
001 - NÚMERO DE CONTROLE
Campo de Controle 167
003 - IDENTIFICAÇÃO DO NÚMERO DE CONTROLE
Campo de Controle BR-CuiBMT
005 - DATA E HORA DA ÚLTIMA ATUALIZAÇÃO
Campo de Controle 20231030223920.0
008 - DADOS FIXOS
Dados Fixos 230823s mgba 000 0 por d
020 ## - INTERNATIONAL STANDARD BOOK NUMBER
Nº do ISBN 9786555183610
040 ## - AGÊNCIA CATALOGADORA
Código da Agência Catalogadora BR-CuiBMT
Agência que transcreveu o registro BR-CuiBMT
080 ## - Nº DA CLASSIFICAÇÃO DECIMAL UNIVERSAL
Nº edição CDU 2007
Nº Class. CDU 342.8
090 ## - NÚMERO DE CHAMADA
Nº classificação 342.8
Cutter C837p
Ano/Edição 2. ed.
100 1# - ENTRADA PRINCIPAL -- AUTOR PESSOAL
Nome pessoal Costa, Daniel Castro Gomes da
245 10 - TÍTULO PRINCIPAL
Título principal Partidos políticos e compliance /
Indicação de responsabilidade Daniel Castro Gomes da Costa ; prefácio Luís Roberto Barroso.
246 14 - FORMAS VARIANTES DO TÍTULO
Título principal Partidos políticos e compliance :
Subtítulo instituição de programa de integridade como forma de legitimar as atividades partidárias e consolidar a democracia representativa
250 ## - EDIÇÃO
Edição 2. ed., ampl e atual.
260 ## - PUBLICAÇÃO, DISTRIBUIÇÃO, ETC.
Local de publicação Belo Horizonte :
Editora Fórum,
Data 2022.
300 ## - DESCRIÇÃO FÍSICA
N. páginas ou volumes 354 p. :
Ilustrações il. ;
Dimensões 22 cm
504 ## - NOTA DE BIBLIOGRAFIA, ETC.
Nota de bibliografia Inclui bibliografia.
590 ## - NOTA LOCAL
Nota local A biblioteca possui a 1. reimpr. 2020
650 ## - ASSUNTO TÓPICO
Cabeçalho tópico ou nome geográfico Partidos políticos
Subdivisão geral Programas de compliance
650 ## - ASSUNTO TÓPICO
Cabeçalho tópico ou nome geográfico Direito eleitoral
650 ## - ASSUNTO TÓPICO
Cabeçalho tópico ou nome geográfico Democracia representativa
650 ## - ASSUNTO TÓPICO
Cabeçalho tópico ou nome geográfico Direito administrativo
942 ## - ELEMENTOS DE ENTRADA ADICIONAIS (KOHA)
Fonte de classificação ou esquema de arquivamento Classificação Decimal Universal
Tipo de item do Koha Livros
Holdings
Estado: removido Estado: perdido Fonte de classificação ou esquema de arquivamento Estado: danificado Indisponível para empréstimo Localização permanente Localização atual Data de aquisição Total Checkouts Número de Chamada completo Código de barras Date last seen Número do exemplar Preço efetivo a partir de Tipo de item (Koha)
    Classificação Decimal Universal     Biblioteca da Escola Superior de Contas do TCE/MT Biblioteca da Escola Superior de Contas do TCE/MT 28/06/2023   342.8 C837p 2. ed. BIBTCEMT23080144 23/08/2023 Ex. 1 23/08/2023 Livros

Powered by Koha